Statistics for Best Selling Cars - Beginning With M

Click here to take the quiz!

General Stats

  • This quiz has been taken 7 times
  • The average score is 9 of 20

Answer Stats

World RankingHintAnswer% Correct
422Ford Muscle Car/Sports SedanMustang Coupe
100%
10Tesla SedanModel 3
86%
3Tesla SUVModel Y
86%
249Porsche SUVMacan
71%
116Chevrolet Mid-Size SedanMalibu
71%
305Ford Sedan (EUR)Mondeo CN
71%
457Nissan Crossover SUVMurano
71%
243Ford PickupMaverick
57%
407Acura Mid-Size SUVMDX
57%
408Mitsubishi Subcompact CarMirage
57%
278Ford Electric SUVMustang Mach-E
57%
358Renault Hatchback (EUR)Megane HB
43%
185Vauxhall Crossover SUV (EUR)Mokka
29%
479Nissan Compact Car (EUR)March
14%
205Chevrolet Subcompact Sedan (EUR)Monza
14%
500Isuzu Mid-Size SUVMU-X
14%
363Aito Crossover SUVM5
0%
463Nissan SUV (EUR)Magnite
0%
280Fiat Hatchback/City Car (EUR)Mobi
0%
226Daihatsu Compact City CarMove
0%

Score Distribution

Percentile by Number Answered

Percent of People with Each Score

Your Score History

You have not taken this quiz